000 00774cam a2200253 i 4500
001 18369
003 Mx-PuUPA
005 20250618124138.0
008 140415s2011 sp gr 000 0 spa d
017 _aB - 33.859-2011
020 _a9788425424663
040 _aMx-PuUPA
_bspa
_cMx-PuUPA
_dMx-PuUPA
_erda
041 _aspa
100 1 _aGabás, Raúl
_eautor
245 1 0 _aHistoria de la filosofía /
_cRaúl Gabás
264 1 _aBarcelona :
_bHerder Editorial,
_c©2011
300 _a795 páginas ;
_c25 cm
336 _2rdacontent
_atexto
_btxt
337 _2rdamedia
_asin medio
_bn
338 _2rdacarrier
_avolumen
_bnc
942 _2ddc
_cLI
_hxx
_ixx
999 _c18369
_d18369